<?xml version="1.0" encoding="UTF-8"?><?xml-stylesheet type="text/xsl" href="static/style.xsl"?><OAI-PMH xmlns="http://www.openarchives.org/OAI/2.0/" xmlns:xsi="http://www.w3.org/2001/XMLSchema-instance" xsi:schemaLocation="http://www.openarchives.org/OAI/2.0/ http://www.openarchives.org/OAI/2.0/OAI-PMH.xsd"><responseDate>2026-04-17T00:51:03Z</responseDate><request verb="GetRecord" identifier="oai:www.recercat.cat:10256/26698" metadataPrefix="marc">https://recercat.cat/oai/request</request><GetRecord><record><header><identifier>oai:recercat.cat:10256/26698</identifier><datestamp>2025-04-15T19:28:03Z</datestamp><setSpec>com_2072_452966</setSpec><setSpec>com_2072_2054</setSpec><setSpec>col_2072_452969</setSpec></header><metadata><record xmlns="http://www.loc.gov/MARC21/slim" xmlns:dcterms="http://purl.org/dc/terms/" xmlns:xsi="http://www.w3.org/2001/XMLSchema-instance" xmlns:doc="http://www.lyncode.com/xoai" xsi:schemaLocation="http://www.loc.gov/MARC21/slim http://www.loc.gov/standards/marcxml/schema/MARC21slim.xsd">
   <leader>00925njm 22002777a 4500</leader>
   <datafield ind2=" " ind1=" " tag="042">
      <subfield code="a">dc</subfield>
   </datafield>
   <datafield ind2=" " ind1=" " tag="720">
      <subfield code="a">Baca Mancheno, Pablo Alberto</subfield>
      <subfield code="e">author</subfield>
   </datafield>
   <datafield ind2=" " ind1=" " tag="260">
      <subfield code="c">2023-07</subfield>
   </datafield>
   <datafield ind2=" " ind1=" " tag="520">
      <subfield code="a">This paper reviews the models that operationalize the civil liability of employers for the acts of their employees, critically addresses them, and takes sides with one of them.&#xd;
The proposal in this paper is that employer liability be objective, for which the reasons that justify this are presented, as well as the objections that a model like the one proposed may face.&#xd;
Attributing objective liability to the employer improves the operability of the system and corrects deviations present in presumed negligence, such as asymmetries in access to justice, evidentiary capacity, distribution and allocation of risks and losses, etc.&#xd;
Those who share the thesis of the objective liability of employers for the acts of others or their employees will find an ally in the author</subfield>
   </datafield>
   <datafield ind2=" " ind1=" " tag="520">
      <subfield code="a">Este trabajo hace un repaso de los modelos que vuelven operativa la responsabilidad civil &#xd;
de los empresarios por los hechos de sus dependientes, los enfrenta de una manera crítica &#xd;
y toma partido por uno de ellos. &#xd;
La propuesta en este trabajo es que la responsabilidad del empresario sea objetiva, para &#xd;
lo que se presentan las razones que lo justifica y así como también las objeciones que un &#xd;
modelo como el que se propone puede enfrentar.&#xd;
Atribuir responsabilidad objetiva al empresario mejora la operatividad del sistema y &#xd;
corrige desviaciones presentes en la culpa presunta como asimetrías en el acceso a la &#xd;
justicia, la capacidad probatoria, distribución y asignación de riesgos y pérdidas, etc.&#xd;
Quien comparta la tesis de la responsabilidad objetiva del empresario por el hecho ajeno &#xd;
de su dependiente, encontrará en el autor un aliado</subfield>
   </datafield>
   <datafield ind2=" " ind1=" " tag="520">
      <subfield code="a">Aquest treball fa un repàs dels models que tornen operativa la responsabilitat civil&#xd;
dels empresaris pels fets dels seus dependents, els enfronta de manera crítica&#xd;
i pren partit per un d'ells.&#xd;
La proposta en aquest treball és que la responsabilitat de l'empresari sigui objectiva, per&#xd;
el que es presenten les raons que ho justifica i així com també les objeccions que un&#xd;
model com el que es proposa pot enfrontar-se.&#xd;
Atribuir responsabilitat objectiva a l'empresari millora l'operativitat del sistema i&#xd;
corregeix desviacions presents a la culpa presumpta com a asimetries en l'accés a la&#xd;
justícia, capacitat probatòria, distribució i assignació de riscos i pèrdues, etc.&#xd;
Qui comparteixi la tesi de la responsabilitat objectiva de l'empresari pel fet aliè&#xd;
del seu dependent, trobareu a l'autor un aliat</subfield>
   </datafield>
   <datafield ind1="8" ind2=" " tag="024">
      <subfield code="a">http://hdl.handle.net/10256/26698</subfield>
   </datafield>
   <datafield tag="653" ind2=" " ind1=" ">
      <subfield code="a">Responsabilitat civil</subfield>
   </datafield>
   <datafield tag="653" ind2=" " ind1=" ">
      <subfield code="a">Liability (Law)</subfield>
   </datafield>
   <datafield ind2="0" ind1="0" tag="245">
      <subfield code="a">La Responsabilidad del empresario por los hechos de sus dependientes: una propuesta en favor de la responsabilidad objetiva</subfield>
   </datafield>
</record></metadata></record></GetRecord></OAI-PMH>